Normal view
MARC view
- Chithra M R
Entry Personal Name
001 - CONTROL NUMBER
- control field: 4255
003 - CONTROL NUMBER IDENTIFIER
- control field: OSt
005 - DATE AND TIME OF LATEST TRANSACTION
- control field: 20190717141416.0
008 - FIXED-LENGTH DATA ELEMENTS
- fixed length control field: 190717|| aca||aabn | a|a d
040 ## - CATALOGING SOURCE
- Original cataloging agency: OSt
- Transcribing agency: OSt
100 ## - HEADING--PERSONAL NAME
- Personal name: Chithra M R
670 ## - SOURCE DATA FOUND
- Source citation: Work cat.: (OSt): Athira P M 4254, Comparative study of subsurface flow constructed wetland method and coagulatiob method for waste water treatment, 2018
